LIBRARY ONLINE CATALOGUE

Kichwamaji (Record no. 16532)

MARC details
000 -LEADER
fixed length control field 00453nam a22001697a 4500
003 - CONTROL NUMBER IDENTIFIER
control field OSt
005 - DATE AND TIME OF LATEST TRANSACTION
control field 20171005103826.0
008 - FIXED-LENGTH DATA ELEMENTS--GENERAL INFORMATION
fixed length control field 171005b xxu||||| |||| 00| 0 eng d
020 ## - INTERNATIONAL STANDARD BOOK NUMBER
International Standard Book Number 9789966773274
040 ## - CATALOGING SOURCE
Original cataloging agency KABU
Transcribing agency KABU
050 ## - LIBRARY OF CONGRESS CALL NUMBER
Classification number PL8704
Item number .K49K53 2008
100 ## - MAIN ENTRY--PERSONAL NAME
Personal name Kezilahabi, E.
245 ## - TITLE STATEMENT
Title Kichwamaji
Statement of responsibility, etc. E. Kezilahabi
260 ## - PUBLICATION, DISTRIBUTION, ETC. (IMPRINT)
Place of publication, distribution, etc. Nairobi
Name of publisher, distributor, etc. Vide-Muwa
Date of publication, distribution, etc. 2008
300 ## - PHYSICAL DESCRIPTION
Extent 196 p.
942 ## - ADDED ENTRY ELEMENTS (KOHA)
Source of classification or shelving scheme Library of Congress Classification
Koha item type General Collection
Classification part PL8704
Item part .K49K53 2008
Holdings
Withdrawn status Lost status Source of classification or shelving scheme Not for loan Home library Current library Shelving location Date acquired Cost, normal purchase price Inventory number Total Checkouts Total Renewals Full call number Barcode Date last seen Date last checked out Copy number Price effective from Koha item type
    Library of Congress Classification   Kabarak, Main Campus Kabarak, Main Campus General Stacks 05/10/2017 1.00 2017/0346 30 2 PL8704 .K49K53 2008 c.1 027717 06/07/2022 06/07/2022 c.1 05/10/2017 General Collection
    Library of Congress Classification   Kabarak, Main Campus Kabarak, Main Campus Reserve Collection 05/10/2017   2017/0347 2 1 PL8704 .K49K53 2008 c.2 027716 26/07/2022 05/07/2022 c.2 05/10/2017 Inter-Library Loans
    Library of Congress Classification   Kabarak, Main Campus Kabarak, Main Campus Reserve Collection 05/10/2017   2017/0276 3   PL8704 .K49K53 2008 c.3 027757 10/03/2022 10/03/2022 c.3 05/10/2017 Inter-Library Loans